000 00408nam a22001217a 4500
040 _cHS
082 _a630
100 _aសួន សេង
245 _aការប្រៀបធៀបការអនុវត្តន៍កសិកម្មពនេចរ និងកសិកម្មប្រពលវប្បកម្ម
260 _aRUA
_bសួន សេង
_c2001
300 _a120p;
942 _cKB
999 _c9276
_d9276